01002nam a22002291 4500003000800000005001700008008004100025035001400066035001800080040003800098041000800136051002400144082002000168100003400188245007800222260004500300300007100345500004000416500004000456500022300496650005300719BD-RjUL20240212131814.0740830s1933 nyua 000 1 eng  a(BD-RjUL) a(OCoLC)993974 aDLCbengcOKentUdOCoLCdInUdDLC aeng aPR6013.A5bF56 1933 a823.9bGAF 19331 aGalsworthy, John,d1867-1933.14aThe Forsyte saga /cby John Galsworthy; with a preface by Ada Galsworthy. aNew York :bC. Scribner's Sons,c[c1933] axx, 921 p. :billus., front. (port.), fold. geneal. tab. ;c22 cm. aIncludes pref. to Memorial edition. aAt head of title: Memorial edition. aCombines into one novel the Forsyte family of three generations, three of Mr. Galsworthy's novels--"The man of property," "In chancery" and "To let"--and two stories--"The Indian summer of the Forsyte" and "Awakening." 0aForsyte family (Fictitious characters)vFiction.